ACCURATE Countries of Europe Quiz - Statistics

General Stats
  • This quiz has been taken 27 times
  • The average score is 42 of 46
Answers on the Map
Answers color-coded by a green-red scale on the quiz's map according to % correct below.
 
Answer Stats
Country % Correct
Belgium
95%
Iceland
95%
Portugal
95%
Russia
95%
Spain
95%
United Kingdom
95%
Albania
90%
Andorra
90%
Austria
90%
Belarus
90%
Bosnia and Herzegovina
90%
Bulgaria
90%
Croatia
90%
Czech Republic
90%
Denmark
90%
Estonia
90%
Finland
90%
France
90%
Germany
90%
Greece
90%
Hungary
90%
Ireland
90%
Italy
90%
Kosovo
90%
Latvia
90%
Liechtenstein
90%
Lithuania
90%
Luxembourg
90%
Malta
90%
Moldova
90%
Monaco
90%
Montenegro
90%
Netherlands
90%
Norway
90%
Poland
90%
Romania
90%
San Marino
90%
Serbia
90%
Slovakia
90%
Slovenia
90%
Sweden
90%
Switzerland
90%
Ukraine
90%
Vatican City
90%
Cyprus
86%
North Macedonia
86%
No matching quizzes found
Score Distribution
Percent of People with Each Score
Percentile by Number Answered
Your Score History
You have not taken this quiz